Statistics for U.S. College Acronyms Quiz

Click here to take the quiz!

General Stats

  • This quiz has been taken 41,118 times
    (41,102 since last reset)
  • The average score is 13 of 20

Answer Stats

AcronymUniversity% Correct
NYU{New} {York} University
92%
UCLAUniversity of {California}, {Los} {Angeles}
89%
USCUniversity of {Southern} {California}
89%
LSU{Louisiana} {State} University
87%
UGAUniversity of {Georgia}
82%
BC{Boston} College
81%
UNLVUniversity of {Nevada}, {Las} {Vegas}
77%
BYU{Brigham} {Young} University
75%
GWU{George} {Washington} University
72%
UCSDUniversity of {California} {San} {Diego}
69%
TCU{Texas} {Christian} University
62%
UABUniversity of {Alabama} at {Birmingham}
61%
SJSU{San} {Jose} {State} University
60%
UTEPUniversity of {Texas} at {El} {Paso}
59%
GMU{George} {Mason} University
51%
VCU{Virginia} {Commonwealth} University
45%
USU{Utah} {State} University
44%
ECU{East} {Carolina} University
42%
VMI{Virginia} {Military} Institute
40%
NAU{Northern} {Arizona} University
27%

Score Distribution

Percentile by Number Answered

Percent of People with Each Score

Your Score History

You have not taken this quiz since the last reset